000 00722nam a22002770a 4500
001 PT34224
003 AR-LpoUNG
005 20240216102351.0
008 191001s1994||||ag |||||||||||||||||spa d
020 _a950581836X
_c$1.25
040 _aAR-LpoUNG
_bspa
_cAR-LpoUNG
_eaacr
041 _aspa
044 _aag
082 0 _a808.068 3 491pro
100 1 _aDevetach, Laura
245 1 0 _aProblemas de sauce llorón
250 _a1§ edición
260 _aBuenos Aires :
_bColihue,
_c1994.
300 _a12 p. :
_bil.
505 0 _aSugerido a partir de 0 años (etiqueta ROJA)
650 4 _aCUENTOS
653 _aLITERATURA INFANTIL
700 1 _aLima, Juan Manuel
_eil.
905 _a34224
942 _cLIB
_2ddc
999 _c1872
_d1872